<?xml version="1.0" encoding="UTF-8"?>
<record
    xmlns:xsi="http://www.w3.org/2001/XMLSchema-instance"
    xsi:schemaLocation="http://www.loc.gov/MARC21/slim http://www.loc.gov/standards/marcxml/schema/MARC21slim.xsd"
    xmlns="http://www.loc.gov/MARC21/slim">

  <leader>00861nam a22002057a 4500</leader>
  <controlfield tag="005">20141204091840.0</controlfield>
  <controlfield tag="008">141203b2009    ck |||||r|||| 00| 0 spa d</controlfield>
  <datafield tag="020" ind1=" " ind2=" ">
    <subfield code="a">9789584458759</subfield>
  </datafield>
  <datafield tag="040" ind1=" " ind2=" ">
    <subfield code="c">CO-BoIH</subfield>
  </datafield>
  <datafield tag="041" ind1=" " ind2=" ">
    <subfield code="a">spa</subfield>
  </datafield>
  <datafield tag="044" ind1=" " ind2=" ">
    <subfield code="a">ck</subfield>
  </datafield>
  <datafield tag="090" ind1=" " ind2=" ">
    <subfield code="a">EA</subfield>
    <subfield code="b">00187</subfield>
  </datafield>
  <datafield tag="245" ind1=" " ind2=" ">
    <subfield code="a">Desarrollo Integral Sostenible de Peque&#xF1;os Caficultores en el Departamento del Huila :  </subfield>
    <subfield code="b">"Vivamos Mejor para Cosechar Calidad" </subfield>
  </datafield>
  <datafield tag="260" ind1=" " ind2=" ">
    <subfield code="a">Huila :</subfield>
    <subfield code="b">Embajada del Reino de los Pa&#xED;ses Bajos, </subfield>
    <subfield code="b">Coffee Company Huila Ltda, </subfield>
    <subfield code="b">Gobernaci&#xF3;n del Huila, </subfield>
    <subfield code="b">SENA-Centro de Gesti&#xF3;n y Desarrollo Sostenible, </subfield>
    <subfield code="b">Banagrario,</subfield>
    <subfield code="c">2009.</subfield>
  </datafield>
  <datafield tag="300" ind1=" " ind2=" ">
    <subfield code="a">35 pag</subfield>
    <subfield code="b">Fot (col.)</subfield>
    <subfield code="c">27 x 21 cm</subfield>
  </datafield>
  <datafield tag="650" ind1=" " ind2=" ">
    <subfield code="a">Caf&#xE9;</subfield>
    <subfield code="x"> Cultivo</subfield>
    <subfield code="z">Huila (Dpt. Colombia)</subfield>
    <subfield code="9">29770</subfield>
  </datafield>
  <datafield tag="650" ind1=" " ind2=" ">
    <subfield code="a">Desarrollo sostenible</subfield>
    <subfield code="z">Huila (Dpt. Colombia)</subfield>
    <subfield code="9">29771</subfield>
  </datafield>
  <datafield tag="650" ind1=" " ind2=" ">
    <subfield code="a">Caf&#xE9;</subfield>
    <subfield code="x"> Producci&#xF3;n</subfield>
    <subfield code="z">Huila (Dpt. Colombia)</subfield>
    <subfield code="9">29772</subfield>
  </datafield>
  <datafield tag="942" ind1=" " ind2=" ">
    <subfield code="2">z</subfield>
    <subfield code="c">LIBRO</subfield>
  </datafield>
  <datafield tag="999" ind1=" " ind2=" ">
    <subfield code="c">8864</subfield>
    <subfield code="d">8864</subfield>
  </datafield>
  <datafield tag="952" ind1=" " ind2=" ">
    <subfield code="0">0</subfield>
    <subfield code="1">0</subfield>
    <subfield code="2">z</subfield>
    <subfield code="4">0</subfield>
    <subfield code="7">0</subfield>
    <subfield code="8">EDUAMBIENT</subfield>
    <subfield code="I">INV2017</subfield>
    <subfield code="a">Venado</subfield>
    <subfield code="b">Venado</subfield>
    <subfield code="d">2014-12-03</subfield>
    <subfield code="e">Instituto</subfield>
    <subfield code="g">39000.00</subfield>
    <subfield code="l">0</subfield>
    <subfield code="o">EA-00187</subfield>
    <subfield code="p">034823</subfield>
    <subfield code="r">2014-12-03 00:00:00</subfield>
    <subfield code="t">Ej. 1</subfield>
    <subfield code="w">2014-12-03</subfield>
    <subfield code="x">Donaci&#xF3;n</subfield>
    <subfield code="y">LIBRO</subfield>
  </datafield>
</record>
